Central Library and Information Centre
Sibsagar Girls' College, Sivasagar : Assam

ECONOMICS (Record no. 15430)

MARC details
000 -LEADER
fixed length control field 00414cam a2200181ua 4500
008 - FIXED-LENGTH DATA ELEMENTS--GENERAL INFORMATION
fixed length control field 060101n1998 II |||gr||||Z||||||eng
040 ## - CATALOGING SOURCE
Original cataloging agency MAIN
041 ## - LANGUAGE CODE
-- English
082 ## - DEWEY DECIMAL CLASSIFICATION NUMBER
Classification number 330 SAM
100 ## - MAIN ENTRY--PERSONAL NAME
Personal name SAMUELSON , PAUL A.
245 ## - TITLE STATEMENT
Title ECONOMICS
260 ## - PUBLICATION, DISTRIBUTION, ETC.
Place of publication, distribution, etc. LONDON
Name of publisher, distributor, etc. MCGREW HILL BOOK
Date of publication, distribution, etc. 1998
300 ## - PHYSICAL DESCRIPTION
Extent 781.:
Dimensions 25CM.
700 ## - ADDED ENTRY--PERSONAL NAME
Personal name NORDHAUS , WILLIAM .
942 ## - ADDED ENTRY ELEMENTS (KOHA)
Koha item type Books
653 ## - INDEX TERM--UNCONTROLLED
Uncontrolled term Economics
Holdings
Withdrawn status Lost status Damaged status Not for loan Collection code Home library Current library Shelving location Date acquired Full call number Barcode Date last seen Copy number Price effective from Koha item type Public note
        TBECO Central Library and Information Centre Sibsagar Girls College Central Library and Information Centre Sibsagar Girls College ECONOMICS BOOK RACK 13.07.2008 330 SAM 23870 27.02.2020 1 27.02.2020 Books V


Sibsagar Girl's College © 2020. All rights reserved.
Powered by Koha.
Maintained by Abhijit Borpuzari.